International financial reporting and analysis : (Record no. 3536)

MARC details
000 -LEADER
fixed length control field 01374cam a22002294a 4500
020 ## - INTERNATIONAL STANDARD BOOK NUMBER
ISBN 0072287624
022 ## - INTERNATIONAL STANDARD SERIAL NUMBER
ISSN 9780072287622
050 00 - CALL NUMBER
Classification number HF5635
Item number .H35
100 1# - AUTHOR
Personal name Haskins, Mark E.
245 10 - TITLE
Title International financial reporting and analysis :
Remainder of title a contextual emphasis /
Statement of responsibility, etc Mark E. Haskins, Kenneth R. Ferris, Thomas I. Selling.
250 ## - EDITION
Edition statement 2nd ed.
260 ## - PUBLICATION INFORMATION
Place of publication Boston :
Name of publisher Irwin/McGraw-Hill,
Year of publication c2000.
300 ## - DESCRIPTION
Number of Pages xii, 557 p. :
Other physical details ill. ;
Dimensions 27 cm.
500 ## - NOTES
General note includes index
505 ## - FORMATTED CONTENTS NOTE
Table of Content pt. I. International Financial Reporting and Standard Setting --<br/>1. Accounting and Its Global Contexts --<br/>2. Harmonization of International Accounting and Reporting Standards --<br/>3. Financial Reporting and the European Union --<br/>pt. II. Financial Statement Analysis --<br/>4. Financial Statement Analysis: An Overview --<br/>5. Special Issues in Financial Analysis --<br/>6. Accounting for Foreign Operations --<br/>pt. III. Financial Reporting Practices and Contexts in Selected Countries --<br/>7. Great Britain --<br/>8. Germany --<br/>9. Japan --<br/>10. Sweden --<br/>11. Mexico --<br/>12. Republic of South Korea --<br/>13. Italy --<br/>App. II. Overview of U.S. GAAP.
650 #0 - SUBJECTS
Topical Term Accounting.
General subdivision Comparative accounting.
650 #0 - SUBJECTS
Topical Term Financial statements.
General subdivision Financial statements.
650 #0 - SUBJECTS
Topical Term Comparative accounting.
700 1# - OTHER AUTHORS
Personal name Ferris, Kenneth R.
700 1# - OTHER AUTHORS
Personal name Selling, Thomas I.
942 ## - ADDED ENTRY ELEMENTS (KOHA)
Koha item type Books
Holdings
Withdrawn status Lost status Home library Current library Shelving location Date acquired Full call number Accession Number Koha item type
    Methodist University Library Main Methodist University Library Main General Stacks 19/01/2007 HF5635 .H35 13445 Books
Copyright © 2026  MUG Library